|
|
|
|
| LEADER |
00551nam a22001337a 4500 |
| 020 |
|
|
|a 9783211997239
|
| 082 |
|
|
|a 620.5
|b KIK.D
|
| 100 |
|
|
|a Konstantin Kikoin
|
| 245 |
|
|
|a Dynamical symmetries for nanostructures: Implicit symmetries in single electron transport through real and artificial molecules
|
| 260 |
|
|
|a New York
|b Springer Wein
|c 2012
|
| 650 |
|
|
|a Nanostructures
|a Dynamical symmetry
|
| 942 |
|
|
|c BK
|
| 999 |
|
|
|c 1650
|d 1650
|
| 952 |
|
|
|0 0
|1 0
|4 0
|6 620_500000000000000_KIK_D
|7 0
|8 NFIC
|9 1653
|a CAMPUS
|b CAMPUS
|d 2015-01-28
|l 0
|o 620.5 KIK.D
|p 19068
|r 2015-01-28
|w 2015-01-28
|y BK
|